Lo imaginario /
Sostiene el autor que el auge de la cultura de la imagen que se ha producido en el siglo XX, está generando un cambio en la valoración que tradicionalmente Occidente ha hecho de lo imaginario. Del conocimiento como fuente única de la verdad se está pasando a una valoración de los símbolos y mitos, f...
Guardado en:
| Autor principal: | |
|---|---|
| Formato: | Libro |
| Idioma: | Español |
| Publicado: |
Barcelona, España :
Ediciones del Bronce,
2000, c2000
|
| Colección: | (Textos del Bronce ;
22) |
| Temas: | |
| Etiquetas: |
Sin etiquetas, Sé el primero en etiquetar este registro!
|
MARC
| LEADER | 00000nam^a2200000^a^4500 | ||
|---|---|---|---|
| 001 | 000155121 | ||
| 005 | 20250521000000.0 | ||
| 009 | 20260310100418.478 | ||
| 020 | |a 84-8453-015-9 | ||
| 037 | |a Acervo ITESO - Biblioteca | ||
| 041 | |a ESP | ||
| 082 | |a 306. 4 |b DUR | ||
| 100 | |a Durand, Gilbert |e (autor) | ||
| 245 | 1 | 0 | |a Lo imaginario / |c G. Durand ; pról. de Jean-Jacques Wunenburger ; tr. y epílogo de Carme València ; bibliog. de Montserrat Prat. |
| 264 | 4 | |a Barcelona, España : |b Ediciones del Bronce, |c 2000, c2000 | |
| 300 | |a 165 p. | ||
| 336 | |a texto |b txt |2 rdacontenido | ||
| 337 | |a sin mediación |b n |2 rdamedio | ||
| 338 | |a volumen |b nc |2 rdasoporte | ||
| 440 | 1 | |a (Textos del Bronce ; |v 22) | |
| 500 | |a Traducción de: L'imaginaire | ||
| 520 | |a Sostiene el autor que el auge de la cultura de la imagen que se ha producido en el siglo XX, está generando un cambio en la valoración que tradicionalmente Occidente ha hecho de lo imaginario. Del conocimiento como fuente única de la verdad se está pasando a una valoración de los símbolos y mitos, fenómeno del cual se ocupa en el texto. | ||
| 649 | |a XX | ||
| 650 | |a Imagen | ||
| 650 | |a Imaginación | ||
| 650 | |a Simbolismo | ||
| 650 | |a Mitología | ||
| 650 | |a Medios Audiovisuales | ||
| 650 | |a Comunicación Masiva | ||
| 650 | |a Comunicación Visual | ||
| 650 | |a Epistemología | ||
| 650 | |a Filosofía | ||
| 650 | |a Sociología de la Cultura | ||
| 650 | |a Sociología de la Religión | ||
| 650 | |a Antropología Cultural | ||
| 910 | |a Fondo General | ||
| 920 | |a Impresos - Libros | ||
| 930 | |a Colección General | ||
| 905 | |a 101 | ||
| 901 | |a 0500086697 |b IT1 |c ACC |u 20250521 | ||
| 901 | |a 0500086694 |b IT1 |c ACC |u 20250521 | ||
| 902 | |a https://opac.biblio.iteso.mx/vufind/Record/000155121 | ||